000 00772cam a2200133 4500500
005 20251012003838.0
041 _afre
042 _adc
100 1 0 _aStora, Jean-Benjamin
_eauthor
245 0 0 _aVivre avec une greffe : Accueillir l’autre
260 _bOdile Jacob,
_c2005.
520 _aDes centaines de milliers de greffes sont effectuées tous les ans dans le monde pour sauver des vies : greffes de rein, de cœur, de foie, de pancréas, de moelle osseuse. • Comment accepter l’autre en soi ? • Quels sont les liens qui unissent le donneur et le receveur ? • Comment s’organise la vie psychique et émotionnelle après la greffe ?
856 4 1 _uhttps://shs.cairn.info/vivre-avec-une-greffe--9782738116093?lang=fr&redirect-ssocas=7080
999 _c1513454
_d1513454